The case of human suffering (Record no. 515543)
[ view plain ]
| 000 -LEADER | |
|---|---|
| fixed length control field | 00362nam a22001337a 4500 |
| 008 - FIXED-LENGTH DATA ELEMENTS--GENERAL INFORMATION | |
| fixed length control field | 210130b ||||| |||| 00| 0 eng d |
| 100 ## - MAIN ENTRY--PERSONAL NAME | |
| Personal name | Prasad, Kanishka |
| 245 ## - TITLE STATEMENT | |
| Title | The case of human suffering |
| 260 ## - PUBLICATION, DISTRIBUTION, ETC. (IMPRINT) | |
| Place of publication, distribution, etc | Social Scientist |
| 300 ## - PHYSICAL DESCRIPTION | |
| Extent | 48(3-6), Mar-Jun, 2020: p.143-154 |
| 773 ## - HOST ITEM ENTRY | |
| Main entry heading | Social Scientist |
| 906 ## - LOCAL DATA ELEMENT F, LDF (RLIN) | |
| Subject DIP | HUMAN RIGHTS |
| 942 ## - ADDED ENTRY ELEMENTS (KOHA) | |
| Item type | Articles |
| Withdrawn status | Lost status | Source of classification or shelving scheme | Damaged status | Not for loan | Permanent location | Current location | Date acquired | Serial Enumeration / chronology | Barcode | Date last seen | Koha item type |
|---|---|---|---|---|---|---|---|---|---|---|---|
| Indian Institute of Public Administration | Indian Institute of Public Administration | 2021-01-30 | 48(3-6), Mar-Jun, 2020: p.143-154 | AR124005 | 2021-01-30 | Articles |
